| 000 | 01150cam a2200133 4500500 | ||
|---|---|---|---|
| 005 | 20251214002632.0 | ||
| 041 | _afre | ||
| 042 | _adc | ||
| 100 | 1 | 0 |
_aMaingueneau, Dominique _eauthor |
| 245 | 0 | 0 | _aLa littérature pornographique |
| 260 |
_bArmand Colin,
_c2007. |
||
| 520 | _aLa pornographie a toujours suscité des débats philosophiques ou moraux. Mais son existence litigieuse ne doit pas occulter le fait qu’elle se manifeste à travers un ensemble de pratiques sémiotiques contraintes et inscrites dans l’histoire. Cet ouvrage aborde le texte pornographique en le rapportant à des genres textuels dont on peut analyser les conditions d’apparition et le fonctionnement. Ayant présenté les caractéristiques de l’écriture pornographique, il retrace son évolution depuis la Renaissance. Il met en évidence les transformations profondes qu’elle connaît actuellement avec le développement des nouvelles technologies et la présence accrue des femmes dans un univers traditionnellement masculin. | ||
| 856 | 4 | 1 | _uhttps://shs.cairn.info/la-litterature-pornographique--9782200347185?lang=fr&redirect-ssocas=7080 |
| 999 |
_c1567251 _d1567251 |
||